[Event "Osijek"]
[Site "Osijek"]
[Date "1978.04.13"]
[Round "6"]
[White "Velimirovic, Dragoljub"]
[Black "Sax, Gyula"]
[Result "1-0"]
[WhiteElo "2520"]
[BlackElo "2550"]
[PlyCount "121"]
[EventDate "1978.04.07"]
[EventType "tourn"]
[EventRounds "13"]
[EventCountry "YUG"]
[EventCategory "9"]
[Source "ChessBase"]
[SourceDate "2009.11.30"]
[WhiteTeamCountry "ROM"]
[BlackTeamCountry "YUG"]

1. e4 c5 2. Nf3 Nc6 3. Bb5 e6 4. Bxc6 bxc6 5. O-O Ne7 6. b3 Ng6 7. Bb2 f6 8.
Re1 Be7 9. c3 O-O 10. d4 d5 11. Nbd2 Nf4 12. Qc2 Qe8 13. Nf1 Ba6 14. exd5 exd5
15. Ba3 Qd7 16. Ng3 Nd3 17. Re3 Rfe8 18. c4 dxc4 19. bxc4 Nb4 20. Bxb4 cxb4 21.
Rae1 Bf8 22. Qb3 Qf7 23. Rc1 Bd6 24. Rc2 Reb8 25. Qa4 Bxc4 26. Qxc6 Bxg3 27.
Rxc4 Bf4 28. Re6 a5 29. d5 Bh6 30. g3 Rd8 31. Nd4 Ra7 32. Nf5 Bd2 33. Rg4 Qh5
34. Rxg7+ Rxg7 35. Nxg7 Qxd5 36. Ne8 Qxc6 37. Nxf6+ Kg7 38. Rxc6 a4 39. Ne4 Be1
40. Rc1 Bd2 41. Rb1 Bc3 42. Nxc3 bxc3 43. Rb7+ Kf6 44. Rc7 Rd3 45. Kg2 Ke5 46.
g4 h6 47. h4 Kd6 48. Rc8 Ke5 49. a3 Ke4 50. h5 Kf4 51. Rc4+ Kg5 52. f3 Kh4 53.
Kf2 c2 54. Rxc2 Rxa3 55. Rc6 Ra2+ 56. Ke3 Kg3 57. Rxh6 Ra3+ 58. Kd2 Rxf3 59. g5
Rf2+ 60. Kc1 Rg2 61. Rg6 1-0

[Event "Osijek"]
[Site "Osijek"]
[Date "1978.04.15"]
[Round "8"]
[White "Velimirovic, Dragoljub"]
[Black "Tringov, Georgi"]
[Result "1/2-1/2"]
[WhiteElo "2520"]
[BlackElo "2480"]
[PlyCount "68"]
[EventDate "1978.04.07"]
[EventType "tourn"]
[EventRounds "13"]
[EventCountry "YUG"]
[EventCategory "9"]
[Source "ChessBase"]
[SourceDate "2009.11.30"]
[WhiteTeamCountry "ROM"]
[BlackTeamCountry "YUG"]

1. e4 c5 2. Nf3 d6 3. d4 cxd4 4. Nxd4 Nf6 5. Nc3 a6 6. Bg5 e6 7. f4 Qb6 8. Qd2
Qxb2 9. Rb1 Qa3 10. Bxf6 gxf6 11. Be2 h5 12. O-O Nd7 13. Kh1 Nc5 14. Rf3 Qa5
15. Nb3 Qc7 16. Nxc5 dxc5 17. f5 Bd7 18. fxe6 fxe6 19. e5 Qxe5 20. Re3 Bh6 21.
Qxd7+ Kxd7 22. Rxe5 fxe5 23. Rxb7+ Kc6 24. Bf3+ e4 25. Bxe4+ Kd6 26. Rb6+ Ke5
27. Bxa8 Rxa8 28. g3 Rd8 29. Rxa6 Rd2 30. Nb5 Rxc2 31. Nc7 Kf5 32. Rxe6 Bg7 33.
Re1 Rxa2 34. Rf1+ Kg6 1/2-1/2

[Event "Osijek"]
[Site "Osijek"]
[Date "1978.04.17"]
[Round "9"]
[White "Hulak, Krunoslav"]
[Black "Velimirovic, Dragoljub"]
[Result "0-1"]
[WhiteElo "2525"]
[BlackElo "2520"]
[PlyCount "94"]
[EventDate "1978.04.07"]
[EventType "tourn"]
[EventRounds "13"]
[EventCountry "YUG"]
[EventCategory "9"]
[Source "ChessBase"]
[SourceDate "2009.11.30"]
[WhiteTeamCountry "ROM"]
[BlackTeamCountry "YUG"]

1. e4 e5 2. Nf3 Nc6 3. Bb5 a6 4. Ba4 Nf6 5. O-O Be7 6. Re1 b5 7. Bb3 O-O 8. a4
Bb7 9. d3 d6 10. Nc3 b4 11. Nd5 Nxd5 12. Bxd5 Rb8 13. Bd2 Bf6 14. c3 bxc3 15.
bxc3 Na5 16. Rb1 c6 17. Ba2 c5 18. Qc2 Qc7 19. Bd5 c4 20. Rb4 Bxd5 21. exd5 Qc5
22. dxc4 Nxc4 23. Bg5 Rxb4 24. cxb4 Qxd5 25. Bxf6 gxf6 26. Qf5 Qe6 27. Qh5 f5
28. Qh4 Rc8 29. Ng5 Qg6 30. Rc1 d5 31. Nf3 f6 32. Qh3 Rb8 33. Nh4 Qg4 34. Nxf5
Qxh3 35. gxh3 Kf7 36. Rb1 Rg8+ 37. Ng3 Ke6 38. f3 Nd2 39. Rc1 Nxf3+ 40. Kf2 Nd4
41. Rc7 Rb8 42. Nh5 f5 43. Ra7 Rxb4 44. Rxa6+ Kf7 45. Nf6 f4 46. Nxd5 Rb2+ 47.
Kf1 Rb1+ 0-1

[Event "Osijek"]
[Site "Osijek"]
[Date "1978.04.18"]
[Round "10"]
[White "Velimirovic, Dragoljub"]
[Black "Diesen, Mark"]
[Result "1-0"]
[WhiteElo "2520"]
[BlackElo "2440"]
[PlyCount "81"]
[EventDate "1978.04.07"]
[EventType "tourn"]
[EventRounds "13"]
[EventCountry "YUG"]
[EventCategory "9"]
[Source "ChessBase"]
[SourceDate "2009.11.30"]
[WhiteTeamCountry "ROM"]
[BlackTeamCountry "YUG"]

1. e4 c5 2. Nf3 d6 3. d4 cxd4 4. Nxd4 Nf6 5. Nc3 a6 6. Bg5 Nc6 7. Bxf6 gxf6 8.
Nb3 f5 9. exf5 Bxf5 10. Bd3 Bxd3 11. cxd3 Bg7 12. O-O O-O 13. f4 f5 14. d4 d5
15. Kh1 Qd6 16. Ne2 Rf6 17. Nc5 Rg6 18. Nxb7 Qb4 19. Nc5 Nxd4 20. Nd3 Qb5 21.
Nc3 Qb7 22. Rc1 Rd8 23. Qd2 Ne6 24. Rfe1 d4 25. Na4 Rc8 26. Rxc8+ Qxc8 27. b4
Qc6 28. Nac5 Nxc5 29. bxc5 Bf6 30. Qc2 a5 31. Rb1 h5 32. Rb6 Qe4 33. c6 h4 34.
c7 h3 35. c8=Q+ Kg7 36. Q8c6 hxg2+ 37. Qxg2 Qxd3 38. Qcf3 Qc4 39. Qgf1 Qxa2 40.
Qb1 Qd2 41. Rb2 1-0

[Event "Osijek"]
[Site "Osijek"]
[Date "1978.04.19"]
[Round "11"]
[White "Kosanski, Stanko"]
[Black "Velimirovic, Dragoljub"]
[Result "1/2-1/2"]
[WhiteElo "2360"]
[BlackElo "2520"]
[PlyCount "121"]
[EventDate "1978.04.07"]
[EventType "tourn"]
[EventRounds "13"]
[EventCountry "YUG"]
[EventCategory "9"]
[Source "ChessBase"]
[SourceDate "2009.11.30"]
[WhiteTeamCountry "ROM"]
[BlackTeamCountry "YUG"]

1. e4 c5 2. f4 e6 3. Nf3 d5 4. Bb5+ Bd7 5. Bxd7+ Nxd7 6. d3 Ne7 7. Nc3 g6 8.
O-O Bg7 9. Qe1 Nb6 10. f5 gxf5 11. Qg3 Rg8 12. Qh4 h6 13. Qh5 Nd7 14. Kh1 dxe4
15. dxe4 Bxc3 16. exf5 Nxf5 17. bxc3 Nf6 18. Qh3 Qd5 19. Bf4 Ng4 20. Rae1 O-O-O
21. Bg5 hxg5 22. Qxg4 f6 23. a4 Rd6 24. Rf2 Nh6 25. Qh5 g4 26. Qxh6 gxf3 27.
Rxf3 e5 28. Qh3+ Kc7 29. Rd3 Qf7 30. Red1 Rxd3 31. Qxd3 Qe7 32. Rb1 e4 33. Qb5
Kb8 34. a5 e3 35. Qe2 Qe4 36. a6 b6 37. Qf3 Qxf3 38. gxf3 f5 39. f4 Kc7 40. Re1
Re8 41. Kg2 Kc6 42. Kf3 Rh8 43. Kg3 Kb5 44. Rxe3 Kxa6 45. Re7 Rg8+ 46. Kf3 Rh8
47. Kg3 Rg8+ 48. Kf3 Ra8 49. Ke3 Kb5 50. Kd2 Kc4 51. h4 Rh8 52. Rxa7 Rxh4 53.
Ra4+ Kb5 54. Ra1 Rxf4 55. Rb1+ Kc4 56. Rxb6 Rf2+ 57. Kd1 f4 58. Kc1 f3 59. Kb2
Re2 60. Rf6 f2 61. Rf5 1/2-1/2

[Event "Osijek"]
[Site "Osijek"]
[Date "1978.04.22"]
[Round "13"]
[White "Calvo Minguez, Ricardo"]
[Black "Velimirovic, Dragoljub"]
[Result "0-1"]
[WhiteElo "2455"]
[BlackElo "2520"]
[PlyCount "120"]
[EventDate "1978.04.07"]
[EventType "tourn"]
[EventRounds "13"]
[EventCountry "YUG"]
[EventCategory "9"]
[Source "ChessBase"]
[SourceDate "2009.11.30"]
[WhiteTeamCountry "ROM"]
[BlackTeamCountry "YUG"]

1. d4 Nf6 2. c4 c5 3. d5 d6 4. Nc3 g6 5. e4 Bg7 6. Bd3 e5 7. Nge2 Nh5 8. Be3
O-O 9. f3 f5 10. Qd2 f4 11. Bf2 Bf6 12. O-O-O Bh4 13. Bg1 g5 14. Kb1 g4 15. Nc1
Kh8 16. Be2 Rg8 17. Nd3 b6 18. Rc1 gxf3 19. gxf3 Nd7 20. Bf1 Nf8 21. b4 a6 22.
Ka1 Qc7 23. Na4 Be7 24. Bf2 Bd7 25. Qd1 Ng6 26. bxc5 bxc5 27. Be1 Nh4 28. Nab2
Qc8 29. Nf2 Ng2 30. Bxg2 Rxg2 31. Nbd3 Bh4 32. Qe2 Qd8 33. Qf1 Qg5 34. Bc3 Rg8
35. Ng4 Rxg4 36. fxg4 Nf6 37. Bb2 h6 38. Rg1 Kh7 39. Ne1 Bxe1 40. Rxe1 Qg6 41.
Qd3 Nxg4 42. h3 Nf2 43. Qb1 Qf7 44. Rxg8 Qxg8 45. Rg1 Qf7 46. h4 f3 47. Bc1 Ng4
48. Rf1 f2 49. Qb7 Kg6 50. Qc7 Qe7 51. h5+ Kxh5 52. Rh1+ Qh4 53. Rxh4+ Kxh4 54.
Qxd7 f1=Q 55. Kb2 Qf6 56. Qc8 h5 57. Qxa6 Kg3 58. Qa3+ Kg2 59. Qd3 h4 60. a4 h3
0-1

[Event "Niksic"]
[Site "Niksic"]
[Date "1978.??.??"]
[Round "1"]
[White "Velimirovic, Dragoljub"]
[Black "Ivanovic, Bozidar"]
[Result "1-0"]
[WhiteElo "2520"]
[BlackElo "2460"]
[PlyCount "78"]
[EventDate "1978.06.??"]
[EventType "tourn"]
[EventRounds "11"]
[EventCountry "YUG"]
[EventCategory "13"]
[Source "ChessBase"]
[SourceDate "1999.07.01"]
[WhiteTeamCountry "ROM"]
[BlackTeamCountry "YUG"]

1. e4 c5 2. Nf3 Nc6 3. d4 cxd4 4. Nxd4 Nf6 5. Nc3 d6 6. Bc4 e6 7. Be3 Be7 8.
Qe2 a6 9. O-O-O Qc7 10. Bb3 O-O 11. Rhg1 Na5 12. g4 b5 13. g5 Nxb3+ 14. axb3
Nd7 15. f4 b4 16. Nf5 exf5 17. Nd5 Qd8 18. exf5 Re8 19. g6 fxg6 20. fxg6 h6 21.
Qc4 Kh8 22. Bd4 Bf8 23. Nc7 Nc5 24. Nxa8 Be6 25. Qe2 Qxa8 26. Qh5 Kg8 27. Bxc5
dxc5 28. f5 Bd5 29. f6 Rd8 30. f7+ Kh8 31. Qh4 a5 32. Rge1 a4 33. Qxd8 Qxd8 34.
Re8 Qg5+ 35. Kb1 Qxg6 36. Rxf8+ Kh7 37. Rh8+ Kxh8 38. f8=Q+ Bg8 39. Rd8 Qe6 1-0

[Event "Niksic"]
[Site "Niksic"]
[Date "1978.??.??"]
[Round "2"]
[White "Vaganian, Rafael"]
[Black "Velimirovic, Dragoljub"]
[Result "1-0"]
[WhiteElo "2555"]
[BlackElo "2520"]
[PlyCount "111"]
[EventDate "1978.06.??"]
[EventType "tourn"]
[EventRounds "11"]
[EventCountry "YUG"]
[EventCategory "13"]
[Source "ChessBase"]
[SourceDate "1999.07.01"]
[WhiteTeamCountry "ROM"]
[BlackTeamCountry "YUG"]

1. d4 c5 2. d5 d6 3. e4 Nf6 4. Nc3 g6 5. Be2 Bg7 6. Nf3 O-O 7. O-O Na6 8. Re1
Nc7 9. a4 a6 10. a5 Nb5 11. Nb1 Bg4 12. Nbd2 e6 13. h3 Bxf3 14. Bxf3 Re8 15. c3
exd5 16. exd5 Rxe1+ 17. Qxe1 Bh6 18. Nc4 Bxc1 19. Rxc1 Qc7 20. Qd2 Re8 21. Re1
Rxe1+ 22. Qxe1 Kf8 23. Qd2 Qe7 24. Qh6+ Kg8 25. Qf4 Nd7 26. Qe3 Qxe3 27. Nxe3
Kf8 28. Be2 Nc7 29. f4 Ke7 30. g4 b6 31. axb6 Nxb6 32. Bf3 a5 33. Kf2 c4 34.
Ke2 a4 35. Kd2 Nb5 36. Nc2 Nc7 37. Nb4 Nb5 38. Nc6+ Kd7 39. g5 a3 40. bxa3 Na4
41. Bd1 Naxc3 42. a4 Ne4+ 43. Ke3 Nbc3 44. Bg4+ Kc7 45. Kd4 f5 46. gxf6 Nxf6
47. Kxc3 Nxd5+ 48. Kxc4 Nb6+ 49. Kb5 Nxa4 50. Nd4 Nc5 51. Ne6+ Nxe6 52. Bxe6
Kd8 53. Kc6 Ke7 54. Kd5 h6 55. h4 Kf6 56. Bg4 1-0

[Event "Niksic"]
[Site "Niksic"]
[Date "1978.??.??"]
[Round "3"]
[White "Velimirovic, Dragoljub"]
[Black "Gligoric, Svetozar"]
[Result "1/2-1/2"]
[WhiteElo "2520"]
[BlackElo "2565"]
[PlyCount "33"]
[EventDate "1978.06.??"]
[EventType "tourn"]
[EventRounds "11"]
[EventCountry "YUG"]
[EventCategory "13"]
[Source "ChessBase"]
[SourceDate "1999.07.01"]
[WhiteTeamCountry "ROM"]
[BlackTeamCountry "YUG"]

1. e4 e5 2. Nf3 Nc6 3. Bb5 a6 4. Ba4 Nf6 5. O-O Be7 6. Re1 b5 7. Bb3 d6 8. c3
O-O 9. h3 h6 10. d4 Re8 11. Nbd2 Bf8 12. Bc2 Bb7 13. d5 Nb8 14. b3 Nbd7 15. c4
c5 16. cxb5 axb5 17. a4 1/2-1/2

[Event "Niksic"]
[Site "Niksic"]
[Date "1978.??.??"]
[Round "4"]
[White "Andersson, Ulf"]
[Black "Velimirovic, Dragoljub"]
[Result "1/2-1/2"]
[WhiteElo "2545"]
[BlackElo "2520"]
[PlyCount "192"]
[EventDate "1978.06.??"]
[EventType "tourn"]
[EventRounds "11"]
[EventCountry "YUG"]
[EventCategory "13"]
[Source "ChessBase"]
[SourceDate "1999.07.01"]
[WhiteTeamCountry "ROM"]
[BlackTeamCountry "YUG"]

1. c4 c5 2. b3 Nc6 3. Bb2 e5 4. Nc3 Nge7 5. Nf3 f5 6. e3 Ng6 7. h4 Be7 8. Nd5
d6 9. h5 Nf8 10. d4 cxd4 11. exd4 e4 12. Ng1 Bg5 13. Nh3 Bh6 14. g3 Ne6 15. Be2
O-O 16. Bc3 Bd7 17. Ne3 f4 18. Ng4 f3 19. Bf1 Nexd4 20. Nxh6+ gxh6 21. Nf4 e3
22. fxe3 Qg5 23. Kf2 Nf5 24. Qd5+ Rf7 25. Rg1 Ne5 26. Bh3 Nxe3 27. Kxe3 Bxh3
28. Kf2 Re8 29. Rae1 Bd7 30. Qxd6 Ng4+ 31. Kxf3 Qxh5 32. Rxe8+ Bxe8 33. Qd4
Ne5+ 34. Kg2 Bc6+ 35. Nd5 Qf3+ 36. Kh2 Ng4+ 37. Kh3 Nf2+ 38. Kh2 Ng4+ 39. Kh3
Nf2+ 40. Kh2 Qh5+ 41. Qh4 Ng4+ 42. Kh3 Nf2+ 43. Kh2 Qe2 44. Qd8+ Be8 45. Nf4
Ng4+ 46. Kh3 Rxf4 47. gxf4 Qh2+ 48. Kxg4 Qxg1+ 49. Kf5 Qg6+ 50. Ke5 Qg7+ 51.
Kd6 Qf8+ 52. Kc7 Bc6 53. Qd4 Kf7 54. b4 Qe7+ 55. Kb8 a6 56. Qg7+ Ke8 57. Qxh6
Qf7 58. c5 Qxa2 59. Qxh7 Qf7 60. Qh6 Qf8 61. Bg7 Qf5 62. Be5 Be4 63. Ka7 Qf8
64. Qh3 Qe7 65. Bd6 Qf6 66. Qg4 Kf7 67. Be5 Qe7 68. Qh5+ Ke6 69. Bd6 Qf6 70.
Qe8+ Kf5 71. Qh5+ Ke6 72. Qh3+ Qf5 73. Qh8 Kf7 74. Qh6 Qf6 75. Qf8+ Kg6 76.
Qg8+ Kh5 77. Qg3 Qf5 78. Be7 Bc6 79. Qh4+ Kg6 80. Bd8 Be4 81. Bc7 Bc6 82. Qh8
Qf7 83. Qd8 Qd5 84. Bd6 Qf5 85. Qh8 Qf7 86. Kb6 Qf5 87. Be5 Qf7 88. Qd8 Qf5 89.
Qg8+ Kh5 90. Qg7 Be4 91. Qh8+ Kg4 92. Qg8+ Kh5 93. Bd6 Bc6 94. Qh8+ Kg6 95. Qh2
Bf3 96. Qg1+ Kh5 1/2-1/2

[Event "Niksic"]
[Site "Niksic"]
[Date "1978.??.??"]
[Round "5"]
[White "Velimirovic, Dragoljub"]
[Black "Timman, Jan H"]
[Result "0-1"]
[WhiteElo "2520"]
[BlackElo "2585"]
[PlyCount "60"]
[EventDate "1978.06.??"]
[EventType "tourn"]
[EventRounds "11"]
[EventCountry "YUG"]
[EventCategory "13"]
[Source "ChessBase"]
[SourceDate "1999.07.01"]
[WhiteTeamCountry "ROM"]
[BlackTeamCountry "YUG"]

1. a3 g6 2. g3 Bg7 3. Bg2 e5 4. d3 Ne7 5. c3 d5 6. Nd2 O-O 7. h4 h6 8. e4 Be6
9. Ngf3 Nd7 10. O-O a5 11. exd5 Bxd5 12. Re1 Nc6 13. Qc2 Nc5 14. h5 g5 15. Ne4
Nb3 16. Rb1 f5 17. Ned2 Nxd2 18. Bxd2 a4 19. Be3 e4 20. Nd2 exd3 21. Qxd3 Bxg2
22. Qxd8 Raxd8 23. Kxg2 f4 24. gxf4 gxf4 25. Bd4 Nxd4 26. cxd4 Rxd4 27. Nf3 Rd3
28. Rbc1 c6 29. Rc4 Bxb2 30. Rb4 Bc3 0-1

[Event "Niksic"]
[Site "Niksic"]
[Date "1978.??.??"]
[Round "7"]
[White "Velimirovic, Dragoljub"]
[Black "Uhlmann, Wolfgang"]
[Result "1-0"]
[WhiteElo "2520"]
[BlackElo "2575"]
[PlyCount "133"]
[EventDate "1978.06.??"]
[EventType "tourn"]
[EventRounds "11"]
[EventCountry "YUG"]
[EventCategory "13"]
[Source "ChessBase"]
[SourceDate "1999.07.01"]
[WhiteTeamCountry "ROM"]
[BlackTeamCountry "YUG"]

1. e4 e6 2. d4 d5 3. Nd2 c5 4. exd5 exd5 5. Ngf3 Nc6 6. Bb5 Bd6 7. dxc5 Bxc5 8.
Nb3 Bd6 9. O-O Nge7 10. Re1 O-O 11. h3 a6 12. Bf1 Bf5 13. Nbd4 Bg6 14. c3 Re8
15. Bg5 Qb6 16. Qb3 Qc7 17. Bxe7 Nxe7 18. Rad1 Bc5 19. Bd3 Bh5 20. Re5 Bxf3 21.
Nxf3 h6 22. Bb1 Bd6 23. Re2 Rad8 24. Qc2 g6 25. Rde1 Rf8 26. Qd2 Kg7 27. Qd4+
Kh7 28. Qh4 Rd7 29. Qg4 Ng8 30. Nd4 Nf6 31. Qf3 Kg7 32. Bxg6 Kxg6 33. Qd3+ Kg7
34. Nf5+ Kg8 35. Nxh6+ Kh8 36. Qd4 Bh2+ 37. Kh1 Qf4 38. g3 Qxh6 39. Kxh2 Kg7
40. Re5 Rh8 41. h4 Qg6 42. Kg2 Rh5 43. Rxh5 Qxh5 44. Re5 Qh6 45. Rg5+ Kh7 46.
Rf5 Rd6 47. Kh3 Re6 48. f3 Qg6 49. g4 Ng8 50. Qd3 Kh8 51. Rh5+ Nh6 52. Qxg6
fxg6 53. Rxh6+ Kg7 54. g5 Re5 55. Kg4 Re2 56. h5 gxh5+ 57. Kxh5 Rxb2 58. Rd6
Rh2+ 59. Kg4 Rxa2 60. Kf5 Rb2 61. Rxd5 Rb6 62. f4 Rc6 63. Rd7+ Kg8 64. Rxb7
Rxc3 65. Rb6 a5 66. Kg6 Rc8 67. Ra6 1-0

[Event "Niksic"]
[Site "Niksic"]
[Date "1978.??.??"]
[Round "9"]
[White "Velimirovic, Dragoljub"]
[Black "Hort, Vlastimil"]
[Result "0-1"]
[WhiteElo "2520"]
[BlackElo "2620"]
[PlyCount "80"]
[EventDate "1978.06.??"]
[EventType "tourn"]
[EventRounds "11"]
[EventCountry "YUG"]
[EventCategory "13"]
[Source "ChessBase"]
[SourceDate "1999.07.01"]
[WhiteTeamCountry "ROM"]
[BlackTeamCountry "YUG"]

1. e4 c6 2. d4 d5 3. exd5 cxd5 4. c4 Nf6 5. Nc3 e6 6. Nf3 Be7 7. cxd5 Nxd5 8.
Bd3 Nc6 9. O-O O-O 10. Re1 Bf6 11. Be4 Nce7 12. Qc2 g6 13. Bh6 Bg7 14. Bxg7
Kxg7 15. Ne5 b6 16. h4 Bb7 17. h5 Nf5 18. Qd2 Qh4 19. g4 f6 20. gxf5 fxe5 21.
h6+ Kh8 22. fxg6 hxg6 23. Nxd5 Qg4+ 24. Kf1 Ba6+ 25. Bd3 Bxd3+ 26. Qxd3 Rxf2+
27. Kxf2 Rf8+ 28. Ke3 Rf3+ 29. Kd2 Rxd3+ 30. Kxd3 Qxd4+ 31. Kc2 Qf2+ 32. Kb3
exd5 33. Rac1 d4 34. Rh1 Qf7+ 35. Kb4 Kh7 36. Rce1 Qd5 37. Rc1 a5+ 38. Ka4 Qd7+
39. Kb3 e4 40. Kc4 d3 0-1

[Event "Niksic"]
[Site "Niksic"]
[Date "1978.??.??"]
[Round "10"]
[White "Gulko, Boris"]
[Black "Velimirovic, Dragoljub"]
[Result "1/2-1/2"]
[WhiteElo "2565"]
[BlackElo "2520"]
[PlyCount "114"]
[EventDate "1978.06.??"]
[EventType "tourn"]
[EventRounds "11"]
[EventCountry "YUG"]
[EventCategory "13"]
[Source "ChessBase"]
[SourceDate "1999.07.01"]
[WhiteTeamCountry "ROM"]
[BlackTeamCountry "YUG"]

1. c4 g6 2. Nc3 Bg7 3. g3 Nf6 4. Bg2 O-O 5. d4 d6 6. e3 c5 7. Nge2 Nc6 8. O-O
Bg4 9. h3 cxd4 10. exd4 Bxe2 11. Nxe2 d5 12. cxd5 Nxd5 13. Nc3 Nxc3 14. bxc3
Rc8 15. Re1 Re8 16. Bf4 Na5 17. Qa4 Rc4 18. Qa3 Bf8 19. Qb2 Qc8 20. Rad1 a6 21.
Bf1 Ra4 22. h4 Nc4 23. Qc2 b5 24. h5 Qf5 25. Qxf5 gxf5 26. Bh3 Rxa2 27. Bxf5 e6
28. Bd3 Nb6 29. Ra1 Rxa1 30. Rxa1 Na4 31. c4 Nb2 32. Be4 Nxc4 33. Rxa6 Rd8 34.
Bc6 b4 35. Bb5 Nd6 36. Bd3 Ne8 37. Rb6 h6 38. Be5 Bg7 39. Be2 Bf8 40. Kg2 Bd6
41. Bxd6 Nxd6 42. Bd3 Ne8 43. Rxb4 e5 44. Bb5 exd4 45. Bxe8 Rxe8 46. Rxd4 Re5
47. g4 Ra5 48. Rd6 Kg7 49. Kg3 Rb5 50. f4 Rb3+ 51. Kf2 Rb2+ 52. Kf3 Rb3+ 53.
Ke4 Rh3 54. f5 Rg3 55. f6+ Kh7 56. Kf4 Rg1 57. Rd7 Kg8 1/2-1/2

[Event "Niksic"]
[Site "Niksic"]
[Date "1978.??.??"]
[Round "11"]
[White "Velimirovic, Dragoljub"]
[Black "Ljubojevic, Ljubomir"]
[Result "0-1"]
[WhiteElo "2520"]
[BlackElo "2605"]
[PlyCount "56"]
[EventDate "1978.06.??"]
[EventType "tourn"]
[EventRounds "11"]
[EventCountry "YUG"]
[EventCategory "13"]
[Source "ChessBase"]
[SourceDate "1999.07.01"]
[WhiteTeamCountry "ROM"]
[BlackTeamCountry "YUG"]

1. e4 c5 2. Nf3 Nc6 3. c3 e6 4. d4 d5 5. exd5 exd5 6. Bb5 Bd6 7. dxc5 Bxc5 8.
O-O Nge7 9. Nbd2 O-O 10. Nb3 Bd6 11. Bg5 Bg4 12. Bh4 Qb6 13. Bd3 Ne5 14. Be2
Nc4 15. Bxe7 Bxe7 16. Qxd5 Nxb2 17. Rab1 Na4 18. Qc4 Bd7 19. Nbd4 Qd6 20. Rxb7
Rfc8 21. Nf5 Bxf5 22. Qxa4 Rxc3 23. Nd4 Be4 24. Rd7 Bc6 25. Rxd6 Bxa4 26. Ra6
Ra3 27. Bb5 Bxb5 28. Rxa3 Bxf1 0-1

[Event "Balkaniad (Men) 10th"]
[Site "Baile Herculane"]
[Date "1978.10.05"]
[Round "3.12"]
[White "Ermenkov, Evgenij"]
[Black "Velimirovic, Dragoljub"]
[Result "1/2-1/2"]
[WhiteElo "2520"]
[BlackElo "2520"]
[PlyCount "128"]
[EventDate "1978.10.03"]
[EventType "tourn ()"]
[EventRounds "5"]
[EventCountry "ROM"]
[Source "ChessBase"]
[SourceDate "2002.11.25"]
[WhiteTeam "Bulgaria"]
[BlackTeam "Yugoslavia"]
[WhiteTeamCountry "BUL"]
[BlackTeamCountry "YUG"]

1. e4 c5 2. Nf3 Nc6 3. d4 cxd4 4. Nxd4 g6 5. Nc3 Bg7 6. Nde2 Nf6 7. g3 d6 8.
Bg2 h5 9. h3 Bd7 10. Nd5 Qc8 11. O-O Bxh3 12. Bxh3 Qxh3 13. Nc7+ Kd7 14. Nf4
Qg4 15. Nxa8 Rxa8 16. Qxg4+ hxg4 17. Be3 Nxe4 18. c3 g5 19. Nd3 f5 20. Rad1 b6
21. Kg2 Rf8 22. Rh1 Ne5 23. Rh7 Nxd3 24. Rxd3 Be5 25. Bd4 Bxd4 26. Rxd4 Rg8 27.
Rd1 Nf6 28. Rh6 Ke6 29. Rd4 Ke5 30. Rc4 Nd5 31. Rd4 Rg7 32. Rh1 Nf6 33. a4 Ne4
34. Rb4 d5 35. a5 Rg6 36. Rh7 Re6 37. axb6 axb6 38. Rb5 f4 39. gxf4+ gxf4 40.
Rh5+ Kf6 41. Rh6+ Kf7 42. Rxe6 Kxe6 43. Rxb6+ Kf5 44. Rb8 f3+ 45. Kf1 e5 46.
Rf8+ Ke6 47. Re8+ Kf5 48. Rf8+ Ke6 49. Rg8 Kf5 50. Rc8 d4 51. cxd4 exd4 52. b4
Nd6 53. Rd8 Ke5 54. Ke1 Ke6 55. Rg8 Kf5 56. Rb8 Ke4 57. Rg8 Kf4 58. Rg6 Ne4 59.
b5 d3 60. b6 g3 61. Rxg3 d2+ 62. Kd1 Nxf2+ 63. Kxd2 Ne4+ 64. Kc2 Kxg3 {
YUG - BUL 2 1/2 - 3 1/2, TUR - GRE 4 - 2; Romania had the bye in the 3rd rd.}
1/2-1/2

[Event "Balkaniad (Men) 10th"]
[Site "Baile Herculane"]
[Date "1978.10.06"]
[Round "4.6"]
[White "Velimirovic, Dragoljub"]
[Black "Skalkotas, Nikolaos"]
[Result "1-0"]
[WhiteElo "2520"]
[BlackElo "2285"]
[PlyCount "71"]
[EventDate "1978.10.03"]
[EventType "tourn ()"]
[EventRounds "5"]
[EventCountry "ROM"]
[Source "ChessBase"]
[SourceDate "2002.11.25"]
[WhiteTeam "Yugoslavia"]
[BlackTeam "Greece"]
[WhiteTeamCountry "YUG"]
[BlackTeamCountry "GRE"]

1. e4 c6 2. d4 d5 3. exd5 cxd5 4. c4 Nf6 5. Nc3 g6 6. cxd5 Bg7 7. Bb5+ Bd7 8.
d6 O-O 9. Bxd7 Nbxd7 10. dxe7 Qxe7+ 11. Nge2 Nb6 12. Bg5 h6 13. Bxf6 Bxf6 14.
O-O Rfd8 15. Qd3 Rd7 16. f4 Re8 17. f5 g5 18. Kh1 Na4 19. Rf2 Nxc3 20. bxc3 Qe3
21. Qxe3 Rxe3 22. Kg1 Rd3 23. Rb1 h5 24. Rf3 Rd2 25. Ng3 Rxa2 26. Nxh5 Bd8 27.
f6 Kh7 28. g4 Kg6 29. Re1 Bc7 30. Rf2 Ra6 31. Re7 Rad6 32. Ng3 Bd8 33. Ne4 Rxe7
34. fxe7 Bxe7 35. Nxd6 Bxd6 36. Ra2 1-0

[Event "Balkaniad (Men) 10th"]
[Site "Baile Herculane"]
[Date "1978.10.07"]
[Round "5.12"]
[White "Ciocaltea, Victor"]
[Black "Velimirovic, Dragoljub"]
[Result "1/2-1/2"]
[WhiteElo "2455"]
[BlackElo "2520"]
[PlyCount "57"]
[EventDate "1978.10.03"]
[EventType "tourn ()"]
[EventRounds "5"]
[EventCountry "ROM"]
[Source "ChessBase"]
[SourceDate "2002.11.25"]
[WhiteTeam "Romania"]
[BlackTeam "Yugoslavia"]
[WhiteTeamCountry "ROM"]
[BlackTeamCountry "YUG"]

1. e4 e5 2. Nf3 Nc6 3. Bb5 a6 4. Ba4 Nf6 5. Qe2 b5 6. Bb3 Be7 7. c3 O-O 8. d3
d6 9. Nbd2 Be6 10. Nf1 Bxb3 11. axb3 d5 12. Ng3 d4 13. O-O Nd7 14. b4 g6 15.
Bh6 Re8 16. Rfc1 Nf8 17. Bxf8 Bxf8 18. Ra2 Re6 19. Rca1 Qc8 20. Ne1 Rd6 21. h3
Nd8 22. c4 Rb6 23. c5 Re6 24. Nf1 Nc6 25. Nc2 a5 26. Nd2 Ra6 27. bxa5 Bxc5 28.
Nb3 Be7 29. Rc1 {
YUG - ROM 3 - 3, BUL - GRE 3 1/2 - 2 1/2; Turkey had the bye in the 5th rd.}
1/2-1/2

[Event "Buenos Aires ol (Men)"]
[Site "Buenos Aires"]
[Date "1978.10.26"]
[Round "2"]
[White "Velimirovic, Dragoljub"]
[Black "Rogers, Ian"]
[Result "0-1"]
[WhiteElo "2520"]
[BlackElo "2400"]
[PlyCount "48"]
[EventDate "1978.10.25"]
[EventType "swiss ()"]
[EventRounds "14"]
[EventCountry "ARG"]
[Source "ChessBase"]
[SourceDate "1999.11.16"]
[WhiteTeam "Yugoslavia"]
[BlackTeam "Australia"]
[WhiteTeamCountry "YUG"]
[BlackTeamCountry "AUS"]

1. e4 e6 2. d4 d5 3. e5 c5 4. dxc5 Nc6 5. Nf3 Bxc5 6. Bf4 f6 7. Bb5 Nge7 8.
exf6 gxf6 9. O-O O-O 10. c4 a6 11. cxd5 Nxd5 12. Bxc6 Nxf4 13. Be4 f5 14. Bc2
b5 15. Qxd8 Rxd8 16. Bb3 Ra7 17. Nh4 Rg7 18. Kh1 b4 19. g3 Nd3 20. f3 Kh8 21.
a3 Nf2+ 22. Kg2 Ng4 23. Rc1 Ne3+ 24. Kf2 Nc2+ 0-1